[Event "Dortmund SuperGM 36th"]
[Site "Dortmund"]
[Date "2008.07.04"]
[Round "5"]
[White "Mamedyarov, Shakhriyar"]
[Black "Kramnik, Vladimir"]
[Result "1/2-1/2"]
[WhiteElo "2752"]
[BlackElo "2788"]
[Annotator "Krasenkow,M"]
[PlyCount "79"]
[EventDate "2008.06.28"]
[EventType "tourn"]
[EventRounds "7"]
[EventCountry "GER"]
[EventCategory "18"]
[SourceTitle "CBM 125"]
[Source "ChessBase"]
[SourceDate "2008.07.30"]
[SourceVersion "1"]
[SourceVersionDate "2008.07.30"]
[SourceQuality "1"]

1. d4 Nf6 2. c4 e6 3. Nf3 b6 4. g3 Ba6 5. Qa4 Bb7 6. Bg2 c5 7. dxc5 bxc5 8. O-O
Be7 9. Nc3 O-O 10. Rd1 Qb6 11. Bf4 Rd8 12. Rd2 d6 (12... d5 $6 {- see Lautier
- Macieja in CBM 110, annotated by GM M.Roiz.}) 13. Rad1 Ne8 {[%cal Ye7f6]} (
13... h6 {is another option.}) (13... a6 $143 14. Ng5 $14) 14. e4 (14. Nb5 $6
Na6 15. Qc2 (15. a3 h6 16. Ne1 Bxg2 17. Kxg2 Nac7 18. Nxc7 Qxc7 19. Qa6 {
1/2-1/2 Novikov,I-Rodriguez Cespedes,A/Camaguey 1987/CBM 005}) 15... h6 16. h3
$2 (16. Nc3 $10) 16... d5 $1 $17 17. g4 Nb4 18. Qb1 dxc4 19. Rxd8 Rxd8 20. Rxd8
Bxd8 21. Na3 Bf6 22. Nxc4 Qa6 23. Nfd2 $1 Bxg2 24. Kxg2 Qxa2 $2 (24... Nxa2 25.
Qe4 Qc8 $17 {Am.Rodriguez}) 25. Qxa2 Nxa2 26. Nb3 Be7 27. Bb8 a6 28. Ba7 $10 {
1/2-1/2 Ribli,Z-Rodriguez Cespedes,A/Subotica 1987/CBM 003/[Rodriguez,Am] (40)}
) (14. Bg5 Bxg5 (14... Nc6 $5) 15. Nxg5 Bxg2 16. Kxg2 {1/2-1/2 Goldin,
A-Petursson,M/New York 1991/CBM 023}) (14. Ng5 Bxg2 15. Kxg2 h6 $5 16. Nge4 f5
{Am.Rodriguez}) 14... Bc6 15. Qc2 Nd7 (15... Qb7 {- see Gustafsson-Leko in
this issue.}) 16. e5 $1 dxe5 17. Nxe5 Nxe5 18. Bxe5 Bxg2 19. Kxg2 $14 {White
keeps a small plus in this typical position: he controls the d-file and
Black's a7 and c5 pawns are potentially weak. Still, Black should not lose if
he plays accurately, which Kramnik duly demonstrates.} Nf6 20. Ne4 Rxd2 (20...
Qc6 21. f3 Nxe4 22. Qxe4 Qxe4 23. fxe4 Kf8 24. Kf3 f6 25. Bc7 Rxd2 26. Rxd2 Ke8
27. g4 a5 28. Rd3 (28. e5 $5) 28... e5 29. Ke3 Ra6 30. Kd2 a4 31. Kc2 Kf7 32.
a3 Ke6 33. h3 Ra7 34. Bb6 Ra6 35. Bc7 Ra7 36. Bb6 {1/2-1/2 Braun,A-Tischbierek,
R/Germany 2007/CBM 118}) 21. Rxd2 Rd8 22. Bxf6 gxf6 23. g4 h5 24. h3 (24. gxh5
f5 25. Ng3 Bf6 $44) 24... hxg4 25. hxg4 Rxd2 26. Qxd2 Qc6 27. f3 f5 28. gxf5
exf5 29. Nc3 Qg6+ 30. Kf1 Qh5 31. Qg2+ Kf8 32. Nd5 Qh6 33. f4 Bd6 34. Qg1 Qh5
35. Kf2 Qh8 36. Qc1 Qd4+ 37. Kf3 Qd3+ 38. Kf2 Qd4+ 39. Kf3 Qd3+ 40. Kf2 1/2-1/2

[Event "EU-Cup 25th"]
[Site "Ohrid"]
[Date "2009.10.10"]
[Round "7.2"]
[White "Nyback, Tomi"]
[Black "Bacrot, Etienne"]
[Result "1/2-1/2"]
[WhiteElo "2615"]
[BlackElo "2709"]
[Annotator "Krasenkow,M"]
[PlyCount "49"]
[EventDate "2009.10.04"]
[EventType "team-swiss"]
[EventRounds "7"]
[EventCountry "MKD"]
[SourceTitle "CBM 133"]
[Source "ChessBase"]
[SourceDate "2009.11.19"]
[SourceVersion "1"]
[SourceVersionDate "2009.11.19"]
[SourceQuality "1"]
[WhiteTeam "Werder Bremen"]
[BlackTeam "Baden-Baden"]
[WhiteTeamCountry "GER"]
[BlackTeamCountry "GER"]

1. d4 Nf6 2. c4 e6 3. Nf3 b6 4. g3 Ba6 5. Qc2 Bb7 6. Bg2 c5 7. d5 exd5 8. cxd5
Nxd5 9. O-O Be7 10. Rd1 Nc6 11. Qa4 Nf6 12. Nh4 Qc8 13. Nf5 Nd4 14. Bxb7 Qxb7
15. Nxd4 cxd4 16. Rxd4 Bc5 17. Rd3 b5 18. Qf4 O-O 19. b4 {This line was
examined in CBM 131, annotations to Leko - Bacrot.} Be7 $1 $146 {[%mdl 8] The
right retreat. The f6 knight should be protected.} (19... Bb6 $6 20. Bb2 Rfe8
21. e3 Rac8 22. Nd2 Bd8 23. Rd1 Rc2 24. Bxf6 Bxf6 25. a3 Ra2 26. Nf3 $16 {
1-0 Leko,P (2756)-Bacrot,E (2721)/Dortmund 2009/CBM 131/[Krasenkow] (39)}) 20.
Bb2 (20. Bd2 Rac8 $11 (20... a5 $143 21. a3 (21. bxa5 $6 b4 {is good for Black.
}) 21... axb4 22. Bxb4 Bxb4 23. Qxb4 $14)) 20... a5 $5 21. bxa5 Rxa5 22. Nd2
Qa6 $6 {An inaccuracy. The queen should control the e4 square.} (22... Rc8 $142
{[%cal Rc8c2]} 23. Bxf6 Bxf6 24. Rd1 d5 (24... Rxa2 $6 25. Ne4) 25. a3 Rca8 {
and Black should reach a draw.}) (22... Rfa8 $5) 23. Ne4 Nxe4 24. Qxe4 Bf6 (
24... Qe6 25. Qd4 Bf6 26. Qb4 $14) 25. Bxf6 $6 (25. Qb4 $1 Ra4 (25... Rxa2 26.
Rxa2 Qxa2 27. Bxf6 gxf6 28. Qg4+ Kh8 29. Rxd7 $14) 26. Qb3 {allowed White to
keep his a-pawn and some winning chances.}) ({Even after the text move} 25.
Bxf6 Qxf6 26. Qd4 Qxd4 27. Rxd4 {White could have tortured his opponent (the
rook endgame with 4 pawns vs 3 on the same side was quite probable).}) 1/2-1/2

[Event "FIDE World Cup"]
[Site "Baku"]
[Date "2015.09.14"]
[Round "2.1"]
[White "Onischuk, Alexander"]
[Black "Karjakin, Sergey"]
[Result "1-0"]
[WhiteElo "2662"]
[BlackElo "2762"]
[Annotator "Krasenkow,M"]
[PlyCount "79"]
[EventDate "2015.09.11"]
[EventType "k.o."]
[EventRounds "7"]
[EventCountry "AZE"]
[SourceTitle "CBM 169"]
[Source "ChessBase"]
[SourceDate "2015.11.10"]
[SourceVersion "1"]
[SourceVersionDate "2015.11.10"]
[SourceQuality "1"]

1. d4 Nf6 2. c4 e6 3. Nf3 b6 4. g3 Ba6 5. b3 Bb4+ 6. Bd2 Be7 7. Bg2 c6 8. Bc3
d5 9. Ne5 Nfd7 10. Nxd7 Nxd7 11. Nd2 O-O 12. O-O Rc8 13. e4 c5 14. exd5 exd5
15. Bxd5 {A rare continuation, instead of the usual} (15. dxc5) 15... Nf6 16.
Bg2 (16. Bf3 {is also possible but in the following correspondence game Black
successfully equalised:} cxd4 17. Bb2 b5 18. Rc1 Qb6 19. cxb5 Bxb5 20. Rxc8
Rxc8 21. Nc4 Bxc4 22. Bxd4 Bc5 23. Bxc5 Qxc5 24. bxc4 Qxc4 25. Bb7 Re8 26. Qd2
g6 27. Rc1 Qe2 28. Qc3 Kg7 29. Bd5 h5 30. h3 Qe5 31. Qxe5 Rxe5 32. Bb3 Re7 33.
f3 Ne8 34. Rc5 Nd6 {1/2 (48) Loinjak,S (2524)-Diaz,S (2418) Lechenicher
SchachServer 2009}) 16... cxd4 17. Bb2 {Black's task is not so easy as his
d4-pawn is weak.} b5 (17... Bb4 $6 {1-0 (52) Rodriguez Rueda,P (2183)-Orozco
Lopez,L (2155) Pereira 2011} 18. Ne4) 18. Rc1 (18. cxb5 {led to full equality
in the following correspondence game:} Bxb5 19. Re1 Bb4 20. Re5 Ba6 21. Nc4
Bxc4 22. bxc4 Rxc4 23. Bf1 Rc7 24. Qxd4 Qxd4 25. Bxd4 Rd8 26. Bb2 Rc2 27. Re2
Rxe2 28. Bxe2 Rd2 29. Bxf6 Rxe2 30. Bd4 a5 {1/2 (30) Marcinkiewicz,B-Rakay,K 
(2514) ICCF Email 2002}) 18... Bb4 ({After} 18... bxc4 19. Nxc4 Bxc4 20. bxc4
Bc5 21. Qd3 {White's bishop pair should not be underestimated although it is
not easy for him to make progress, e.g.} Re8 (21... Qd6 22. Rfd1 Rfe8 23. Rc2
Rc7 24. Bf3 Rce7 25. Kg2 h5 26. h4 Rd7 27. Bc1 Rde7 28. Bf4 Qa6 29. Rb1 g6 30.
Rb5 $36 {1-0 (40) Dautov,R (2535)-Petran,P (2455) Kecskemet 1989}) 22. Rfd1 Rb8
23. Rd2 Bb4 24. Rdc2 Bc5 25. Rd1 Qa5 26. Bf3 Re1+ 27. Kg2 Rxd1 28. Bxd1 Rd8 29.
Bc1 h6 30. Bf3 Nd7 31. Qf5 Bb4 32. Qxa5 {1/2 (32) Cardelli,G (2554)-Sabaev,S 
(2583) ICCF Email 2001}) (18... Qb6 $5 19. Qe2 Bc5 20. Qd3 {1/2 (20) Paredes
Prats,J (2379)-Munoz Moreno,F (2316) AEAC 2003}) 19. cxb5 {This is harmless.} (
19. a3 $5 {was an interesting attempt to put Black's last move under doubt}
Bxd2 $140 20. Qxd2 bxc4 21. bxc4 Bxc4 (21... Rxc4 22. Rxc4 Bxc4 23. Rc1 Bd5 24.
f3 $1) 22. Rfd1 d3 23. Qf4 $36) 19... Rxc1 20. Bxc1 Bxb5 21. Nc4 Re8 22. Qd3
Bc3 $132 23. Rd1 Nd7 (23... Ng4 {was more active. After} 24. Qf5 Bxc4 25. bxc4
Qc8 $1 {Black has no problems.}) 24. Qf5 Bxc4 25. bxc4 Re5 $2 {[%mdl 32] The
rook is misplaced here.} (25... Ne5 $1 {with the same idea} 26. Bd5 Qc8 $1 {
was appropriate here, too. Black's counterplay should be quite sufficient for
equality.}) 26. Qf3 Qe8 27. Bf4 Rc5 (27... Ra5 28. Rb1 $1 Rxa2 $140 $2 29. Bh3
Nf8 30. c5 $16) 28. Qb7 {[%cal Rg2c6]} Nf6 {[%csl Rf6]} ({Alas,} 28... Ne5 {
doesn't work any more due to} 29. Qxa7 Rxc4 $2 30. Bxe5) 29. Bf1 Qd7 30. Rb1
$16 {[%csl Rf6] White's pieces have invaded Black's camp. Pay attention to
Black's f6-knight, which is completely cut off.} g5 31. Qb8+ Kg7 (31... Ne8 32.
Be5 {is hardly better.}) 32. Be5 Qf5 33. Rb5 $1 Rxb5 34. cxb5 Qe6 35. a4 h5 36.
Qc7 h4 37. Bc4 Ba5 38. Bxe6 Bxc7 39. Bxc7 fxe6 40. Be5 1-0

[Event "Candidates Tournament"]
[Site "Moscow"]
[Date "2016.03.13"]
[Round "3"]
[White "Giri, Anish"]
[Black "Karjakin, Sergey"]
[Result "1/2-1/2"]
[WhiteElo "2793"]
[BlackElo "2760"]
[Annotator "Krasenkow,M"]
[PlyCount "60"]
[EventDate "2016.03.11"]
[EventType "tourn"]
[EventRounds "14"]
[EventCountry "RUS"]
[EventCategory "22"]
[SourceTitle "CBM 172"]
[Source "ChessBase"]
[SourceDate "2016.05.12"]
[SourceVersion "1"]
[SourceVersionDate "2016.05.12"]
[SourceQuality "1"]

1. d4 Nf6 2. c4 e6 3. Nf3 b6 4. g3 Ba6 5. b3 Bb4+ 6. Bd2 Be7 7. Nc3 d5 8. cxd5
exd5 9. Bg2 O-O 10. O-O Re8 11. Ne5 Bb7 12. Bc1 {A rare continuation. The
position of White's bishop on d2 is not very fortunate but few players decide
to waste two tempi to tranfer it to b2.} ({Main theoretical lines:} 12. Rc1 {
(see e.g. Meier-Kramnik in CBM 144)}) (12. Qc2) ({Black has no problems after} 
12. Bg5 Nbd7 13. f4 (13. Rc1 Ba3 $1 {[%cal Rd7e5]} 14. Nxd7 Qxd7 15. Bxf6 Bxc1
16. Qxc1 gxf6 17. Qh6 Qf5 $15 {1/2 (45) Sargissian,G (2702)-Tomashevsky,E 
(2728) Huaian 2016}) 13... c5 14. Kh1 Ne4 15. Nxe4 dxe4 16. Bxe7 Rxe7 17. Nc4 {
1-0 (51) Sargissian,G (2686)-Zhigalko,S (2678) Dubai 2014} cxd4 18. Qxd4 Nf6)
12... Nbd7 (12... h6 $6 {is quite strange:} 13. Bb2 Nbd7 14. Rc1 a6 15. e3 Bd6
16. f4 b5 17. g4 b4 18. Ne2 Ne4 {1/2 (37) Anton Guijarro,D (2630)-Vazquez
Igarza,R (2565) Madrid 2015} 19. Bxe4 dxe4 20. Ng3 $36) 13. Bb2 {This position
often arises from other move orders (when Black doesn't give a check on b4 but
his bishop comes to b7 in one go).} Bd6 ({After} 13... Bf8 {White launched a
kingside attack in the following game:} 14. f4 c5 15. e3 cxd4 16. exd4 Ne4 17.
Nxe4 dxe4 18. Qe2 Nf6 19. g4 a5 20. g5 Ba6 21. Qe3 Bxf1 22. Rxf1 Nd7 23. Bxe4
Nxe5 24. fxe5 $16 {1/2 (48) Anton Guijarro,D (2639)-Harikrishna,P (2755)
Caleta ENG 2016}) 14. Nd3 {A modest continuation.} (14. Nc4 {is harmless, e.g.}
Bf8 15. Ne3 c6 16. Qc2 g6 17. Rad1 a5 18. Bh3 Ne4 19. Nxe4 Rxe4 20. Nc4 Ba6 21.
Bg2 Re6 22. Ne3 Qe7 $132 {1/2 (53) Kosten,A (2514)-El Gindy,E (2498) Cairo 2003
}) (14. f4 $5 {deserved attention here, too:} c5 (14... Ne4 15. Nxe4 dxe4 16.
e3 Nf6 17. a3 c5 18. Qe2 cxd4 19. Bxd4 Qe7 20. b4 a5 21. b5 Bxe5 22. Bxe5 Nd7
23. Bd4 Nc5 24. f5 $16 {1-0 (27) Botvinnik,M-Padevsky,N Monte Carlo 1968}) 15.
e3 a6 (15... cxd4 16. exd4 Ne4 17. Nxe4 dxe4 18. Qe2 Nf6 19. g4 {, like in
Anton-Harikrishna}) 16. Rc1 (16. g4 $5) 16... Rc8 17. Na4 (17. Bh3 $5) 17... b5
18. Nxd7 Nxd7 19. Nxc5 Nxc5 20. dxc5 Bxc5 21. Rxc5 $1 Rxc5 22. Bxg7 (22. Qd4
Qf6 23. Qxc5 Qxb2 24. Qb6 Bc8 25. Qc6 Rf8 26. Qxd5 Qxa2 27. b4 $14) 22... d4
23. Bxd4 Bxg2 24. Bxc5 Bxf1 25. Qg4+ Kh8 26. Bd4+ f6 27. Qf5 Kg7 28. Kxf1 $14 {
1/2 (42) Rashkovsky,N (2485)-Kuzmin,G (2565) Sochi 1976}) 14... a5 {[%mdl 32]
I don't like this move when White's knight is on c3. Black can't play ...a5-a4;
moreover, he must continue ...c7-c6 to protect the b5-square, after which his
b6-pawn will become vulnerable.} (14... a6 {[%cal Yf6e4] , preventing Nc3-b5,
is more standard and quite good.}) 15. Rc1 c6 16. Na4 Rc8 17. e3 Ba6 $6 {
The bishop does nothing here.} (17... Ne4 18. f3 (18. Re1 f5) 18... Ng5 19. Re1
f5 {, preventing e3-e4, was the most solid continuation.}) 18. Re1 h5 $6 {
This prophylaxis is risky as it weakens Black's position. Sergey Karjakin
relied on his next move but it was a tactical miscalculation. However, Black
was in some trouble already:} (18... Qe7 19. Ne5 $1 Nxe5 20. dxe5 Bxe5 21. Bxe5
Qxe5 22. Nxb6 Rb8 23. Na4 $14 {[%csl Gc5] was what White hoped for}) (18... Ne4
19. f3 Ng5 20. e4 $14) (18... g6 19. f3 {[%cal Ye3e4]}) 19. Bh3 Ng4 {Otherwise
18...h5 is senseless.} 20. Nf4 $6 (20. f3 $1 {was quite possible; the
resulting complications are favourable for White:} Rxe3 $1 (20... Nxe3 21. Qd2
Bxd3 22. Bxd7 $1 ({but not} 22. Qxd3 Qg5 $1 {[%cal Rd6g3]} 23. Kh1 $6 h4 $1 {
[%cal Rh4g3]} 24. f4 Qh6 25. Rxe3 Rxe3 26. Qxe3 hxg3) 22... Qxd7 23. Qxd3 Qe7
24. Rc3 b5 $8 25. Nc5 Bxc5 26. Rxc5 {[%cal Rb2c1] , and Black inevitably loses
a piece.}) (20... Bxd3 21. Qxd3 Ngf6 22. Re2 $16) 21. Rxe3 Nxe3 22. Qd2 Bxd3
23. Qxd3 Qg5 24. Kh1 $1 Rd8 (24... Bxg3 25. Rg1 Qf4 $1 26. hxg3 Qxf3+ 27. Rg2 {
[%cal Rd3e2]} Re8 $1 28. Qe2 Qe4 29. Bxd7 Re7 30. Bh3 Nxg2 31. Qxe4 Rxe4 32.
Kxg2 b5 33. Nc3 Rxd4 34. Bc1 $16) 25. f4 $1 (25. Re1 Bxg3 26. Qxe3 Qh4) 25...
Bxf4 26. Re1 Ng4 $1 27. Bxg4 Qxg4 28. gxf4 Qxf4 29. Bc1 $16 {[%cal Ge1e8]})
20... g6 (20... Bxf4 21. exf4 f5 22. Qd2 $14) 21. Bxg4 hxg4 22. Qxg4 Nf6 {
White has won a pawn but Black has some compensation due to his bishop pair.}
23. Qg5 (23. Qf3 $142 $14) 23... Be7 24. Nxg6 (24. Qh6 Bf8 25. Qh3 {looks
illogical but after the text move White has nothing better than a perpetual.})
24... fxg6 25. Qxg6+ Kh8 26. Nc5 ({White will finally have to settle for a
draw after other attempts, too, e.g.} 26. e4 Bb4 27. Re3 Bd2 28. Rf3 Rf8 29.
Rc2 Nxe4 {etc.}) 26... bxc5 27. dxc5 Rf8 {[%cal Rd8e8]} 28. Qh6+ (28. e4 $6 d4)
28... Kg8 29. Qg6+ Kh8 30. Qh6+ Kg8 1/2-1/2

[Event "Moscow Aeroflot op-A"]
[Site "Moscow"]
[Date "2007.02.19"]
[Round "6"]
[White "Harikrishna, Pentala"]
[Black "Ivanov, Alexander"]
[Result "1-0"]
[WhiteElo "2673"]
[BlackElo "2577"]
[Annotator "Krasenkow,M"]
[PlyCount "110"]
[EventDate "2007.02.14"]
[EventType "swiss"]
[EventRounds "9"]
[EventCountry "RUS"]
[SourceTitle "CBM 117"]
[Source "ChessBase"]
[SourceDate "2007.03.30"]
[SourceVersion "1"]
[SourceVersionDate "2007.03.30"]
[SourceQuality "1"]

1. d4 Nf6 2. Nf3 e6 3. c4 b6 4. g3 Ba6 5. Qc2 c5 6. d5 exd5 7. cxd5 Bb7 8. Bg2
Nxd5 9. Qb3 {Another interesting option for White.} (9. O-O {-see
Bologan-Ivanov in this issue; the whole system is examined by GM Evgeny Postny
in his review (see CBM 116).}) 9... Nc7 (9... Nf6 10. Ne5 d5 11. Nc3 Nbd7 12.
Bf4 Be7 13. O-O-O Nxe5 14. Bxe5 O-O 15. Nxd5 Nxd5 16. Bxd5 Qc8 17. e4 Bxd5 18.
exd5 $14 {1/2-1/2 Marzolo,C-Nezar,M/Nancy FRA 2007/The Week in Chess 642 (48)})
10. Ne5 d5 11. Nc3 Nd7 $1 $146 {[%mdl 8]} (11... Bd6 12. Nxf7 $5 Kxf7 13. Nxd5
Kf8 14. Bg5 $44 Bxd5 $2 (14... Qc8) 15. Bxd8 Bxg2 16. O-O-O Bxh1 17. Rxd6 Ne8
18. Qe6 Nc6 19. Rd7 {1-0 Kazhgaleyev,M-Al Sayed,M/Doha QAT 2006/The Week in
Chess 633}) 12. Bf4 Nxe5 13. Bxe5 Bd6 $1 {Absolutely correct. Black gives the
pawn back to develop his pieces.} 14. Bxg7 Rg8 15. Bh6 Be5 {[%cal Ye8c8,Yd8d6]}
16. Qa4+ {White doesn't see anything better than this queen exchange.} Qd7 17.
Qxd7+ Kxd7 {The endgame is quite comfortable for Black.} 18. O-O-O Ke6 19. Rd3
Rab8 20. f4 Bd4 (20... Rg6 $1 {was very strong:} 21. Re3 Rxh6 22. Rxe5+ Kd6 $15
{and} 23. Nxd5 $2 ({or} 23. Bxd5 $2 f6 24. Rf5 Bc8) {doesn't work due to} 23...
f6 24. Rf5 Nxd5 25. Rd1 Kc7 26. Bxd5 Bc8) 21. f5+ Kf6 (21... Kxf5 $6 22. Bf4
Be5 23. Rf1 d4 24. Bh3+ Kf6 25. Bxe5+ Kxe5 26. Rf5+ Kd6 27. Rxf7 {[%csl Rd6]})
22. e4 dxe4 (22... Rbd8 23. h4 $5) 23. Nxe4+ Bxe4 24. Bxe4 {In the long run
White's pair of bishops should show itself.} Rge8 (24... Rbe8 $5 25. Bf3 Rd8 {
[%cal Yc7d5] preventing g3-g4 for the time being.}) 25. Bc6 (25. Re1 $142 {
[%cal Yg3g4]}) 25... Red8 26. Rf3 Rd6 27. Ba4 b5 28. Bc2 {White has lost a lot
of time for bishop manoeuvres.} Nd5 $6 (28... Ra6 $5 29. Kb1 Re8 {[%cal Ye8e2]}
) 29. Re1 (29. g4 $1) 29... Rg8 30. h3 Nb4 31. Bb1 Nc6 32. g4 Ne5 33. Rf4 Nc4
34. g5+ Rxg5 35. Bxg5+ Kxg5 {Black has a pawn for the exchange and quite a
solid position.} 36. Rg4+ Kf6 37. Re2 Be3+ 38. Kc2 Bg5 39. Rg3 Rd4 40. Rc3 b4
$6 {Weakening the position of his c4 knight. Black could have got rid of all
problems by means of} (40... Nd2 $1 41. h4 Bf4 {[%cal Rd2e4,Rc5c4]}) 41. Rd3 $1
Rh4 (41... Rxd3 42. Kxd3 Nd6 {is not a good fortress:} 43. Rc2 $1 c4+ 44. Kd4 {
and the White king moves forward.}) (41... Ne5 {is dubious, too:} 42. Rxd4 cxd4
43. Kd1 {[%cal Yb1e4,Ye2c2]}) 42. a3 $1 {[%cal Yb1a2]} bxa3 43. bxa3 Kxf5 {
This looks like a desperation.} 44. Kc3 $2 (44. Rc3 $142 $1 {[%cal Yb1a2]
White keeps his a3 pawn and excellent winning chances.}) 44... Kf6 45. Rd5 h6 (
45... Nxa3 $5 {was possible, and there is no win for White in sight:} 46. Rf2+
(46. Rf5+ Kg6) (46. Bd3 c4 47. Bf5 (47. Be4 Rxh3+) 47... a6) 46... Ke6 47. Rxg5
Nxb1+ 48. Kb2 Rb4+ 49. Kc1 Nc3 50. Rxc5 Ne4 {etc.}) {However, White can't save
his a3 pawn anyway.} 46. Rf2+ (46. Rf5+ $5 Kg7 47. Rxc5 Nb6 $5 (47... Nxa3 48.
Bf5 a6 49. Re4 $14)) 46... Ke7 (46... Kg7 {was possible, too:} 47. Rxc5 Nxa3
48. Ba2 (48. Bf5 Be7) 48... Bf6+ (48... Rxh3+ $2 49. Kb4 a5+ 50. Ka4) 49. Kb3
Be7 50. Rcf5 Rxh3+ 51. Kb2 f6 52. Rg2+ Kh7 {and Black holds on.}) 47. Rxc5 Nxa3
48. Ba2 (48. Bf5 $5 {, keeping the h3 pawn, was the only, quite modest chance
to play for a win:} Kd6 49. Ra5 Nc4 50. Ra6+ Kc5 51. Bg4 Ne5 52. Rf1 $5 (52.
Rfa2 Bd8)) 48... Rxh3+ 49. Kb4 Kd6 $1 50. Ra5 Be7 51. Rxa7 Re3 52. Ka4 Kc6 53.
Rxe7 Rxe7 54. Kxa3 Kc5 55. Rd2 Kc6 {And in this theoretically drawn position
Black lost on time.} 1-0